Statistics for Richest European countries

Click here to take the quiz!

General Stats

  • This quiz has been taken 140 times
    (86 since last reset)
  • The average score is 9 of 10

Answer Stats

GDP per capitaCountry% Correct
116 693Luxembourg
99%
82 796Switzerland
97%
81 697Norway
96%
54 608Sweden
96%
185 741Monaco
95%
61 350Denmark
94%
51 461Austria
91%
78 806Ireland
89%
53 024The Netherlands
87%
73 191Iceland
86%

Score Distribution

Percentile by Number Answered

Percent of People with Each Score

Your Score History

You have not taken this quiz since the last reset